00748nam a22002057a 4500003000900000008004100009020001800050040007100068082002100139100001900160245007900179260002900258300004600287505012300333650001100456650002000467650001200487650003200499650001100531AR-CdUCM201016b ||||| |||| 00| 0 eng d a9788416714100 aMUNICIPALIDAD PROVINCIAL DEL CUSCOcBIBLIOTECA MUNICIPAL DEL CUSCO a418.007/D21bD21 aDorren, Gaston aLingo :bguía de Europa para el turista lingüístico /cGaston Dorren aMadrid ;bTurner,c2017. a384 páginas. :bilustraciones ;c22 cm. aContenido: Una lengua a pie firme Lituano -- Los hermanos separados lenguas Finoúgrias -- Querida mamá Frances ... aLengua aLingüística aIdiomas aGuía turística europea  aEuropa